000 00409nam a2200169Ia 4500
008 230524s9999 xx 000 0 und d
020 _a8120305696
082 _a4.155
_bWIR
100 _aNiklaus Wirth
_91890
245 0 _aAlgorithm Data Structure Programming
250 _a2ND
260 _aNEW DELHI
_bPHI
_c1998
300 _aXXV;736
500 _aQuantity Number: 1
650 _aComp-Sc
942 _cBK
999 _c3877
_d3877